| 000 | 00000nas 2200000za 4500 |
| 001 | 9.812823 |
| 003 | CaOODSP |
| 005 | 20250311073321 |
| 007 | cr ||||||||||| |
| 008 | 160314d19581969oncuu m o f000#a0eng|d |
| 022 | |y1181-3024 |
| 040 | |aCaOODSP|beng |
| 043 | |an-cn--- |
| 086 | 1 |aFs52-2E-PDF |
| 245 | 00|aManuscript report series (biological) |h[electronic resource]. |
| 260 | |aOttawa : |bFisheries Research Board of Canada, |c1958-1969. |
| 310 | |aIrregular |
| 362 | 0 |aNo. 629 (1959)-no. 900 (1969). |
| 580 | |aMerged with Manuscript report series (oceanographic and limnological); and, Manuscript report series (technological), to form, Manuscript report series (Fisheries Research Board of Canada). |
| 692 | 07|2gccst|aFisheries |
| 692 | 07|2gccst|aMarine biology |
| 710 | 2 |aFisheries Research Board of Canada. |
| 780 | 00|tManuscript reports of the biological stations.|w(CaOODSP)9.899091 |
| 785 | 00|tManuscript report series / |w(CaOODSP)9.871223 |